000 00252nam a2200097Ia 4500
001 1071594
005 20250827002126.0
008 250824s9999 xx 000 0 und d
245 0 _aSUFİNİN YOLU
_cMEVLANA CELALEDDİN RUMİ
260 _bPANAMA YAYINLARI
999 _c1071594
_d1071594